000 01021nam a22002297a 4500
003 OSt
005 20210419082251.0
008 201120s2013 ||||| |||| 00| 0 geo d
020 _a9789941910708
040 _ageo
_beng
_cDLC
041 _ageo
080 _a811.353.1
_bშ-15
100 _9224
_aნანა შავთვალაძე / Shavtvaladze Nana
245 _aბილიკი / Biliki ; ქართული ენა ინგლისურენოვანთათვის / Georgian Language for English Speakers
_b: დონე მეორე / Level 2 ; სტუდენტის წიგნი / Student Book
_c/ by : ენის სკოლა / Language School
250 _a2nd edition
260 _aთბილისი / თბილისი
_bენის სკოლა / Language School
_c2013
300 _a253 p. ill
_b1 CD
490 _3ბილიკი / Biliki
650 0 _9225
_aGeorgian Language
653 _aქართული ენა
942 _2udc
_cBK
_e2
999 _c333
_d333